100 Most Populous Cities in the World - Statistics

General Stats
  • This quiz has been taken 2,011 times
    1,921 since last reset
  • The average score is 59 of 106
Answer Stats
Hint Answer % Correct
35.7m Tokyo, Japan
97%
14.9m Los Angeles, USA
96%
20.4m New York City, USA
96%
15.0m London, UK
94%
17.3m Beijing, China
93%
10.7m Paris, France
93%
15.5m Moscow, Russia
92%
22.2m New Delhi, India
90%
20.8m Shanghai, China
90%
19.4m Mexico City, Mexico
88%
4.5m Berlin, Germany
87%
17.8m Cairo, Egypt
86%
9.1m Chicago, USA
85%
6.3m Madrid, Spain
85%
12.0m Rio de Janeiro, Brazil
85%
16.9m Mumbai, India
84%
26.6m Jakarta, Indonesia
81%
13.5m Istanbul, Turkey
80%
22.5m Seoul, South Korea
80%
13.6m Buenos Aires, Argentina
79%
6.3m Houston, USA
78%
3.7m Sydney, Australia
78%
7.1m Hong Kong, China
76%
20.1m Sao Paulo, Brazil
76%
6.8m Dallas, USA
75%
4.8m St. Petersburg, Russia
75%
6.1m Toronto, Canada
75%
14.5m Bangkok, Thailand
74%
5.3m Barcelona, Spain
74%
5.8m San Francisco, USA
74%
5.5m Miami, USA
73%
11.5m Lagos, Nigeria
72%
17.0m Osaka, Japan
72%
9.1m Lima, Peru
71%
20.7m Manila, Philippines
71%
8.7m Bogota, Colombia
70%
13.8m Tehran, Iran
70%
5.1m Singapore, Singapore
69%
3.7m Cape Town, South Africa
68%
16.8m Guangzhou, China
68%
7.6m Johannesburg, South Africa
68%
6.0m Santiago, Chile
68%
4.5m Boston, USA
67%
14.0m Dhaka, Bangladesh
66%
14.3m Kolkata, India
65%
5.6m Washington DC, USA
65%
20.7m Karachi, Pakistan
63%
5.2m Milan, Italy
62%
7.1m Hanoi, Vietnam
61%
6.1m Kuala Lumpur, Malaysia
61%
5.4m Philadelphia, USA
61%
3.6m Seattle, USA
59%
4.1m Ankara, Turkey
58%
5.0m Caracas, Venezuela
58%
6.2m Baghdad, Iraq
57%
9.0m Kinshasa, DRC
57%
5.0m Riyadh, Saudi Arabia
57%
8.3m Taipei, Taiwan
57%
4.7m Atlanta, USA
53%
8.6m Bangalore, India
53%
4.2m Detroit, USA
51%
7.7m Lahore, Pakistan
51%
8.8m Chennai, India
50%
4.5m Alexandria, Egypt
49%
4.3m Phoenix, USA
48%
3.4m Algiers, Algeria
46%
6.9m Wuhan, China
46%
8.3m Ho Chi Minh City, Vietnam
44%
7.9m Hyderabad, India
42%
4.1m Casablanca, Morocco
41%
4.5m Guadalajara, Mexico
41%
8.9m Tianjin, China
41%
4.5m Addis Ababa, Ethiopia
40%
5.2m Khartoum, Sudan
40%
7.8m Chengdu, China
39%
5.0m Hamburg, Germany
39%
10.0m Nagoya, Japan
39%
11.8m Shenzhen, China
38%
5.2m Luanda, Angola
37%
3.7m Naples, Italy
37%
3.7m Accra, Ghana
35%
6.3m Chongqing, China
35%
5.5m Belo Horizonte, Brazil
33%
6.4m Ahmedabad, India
32%
3.6m Medellin, Colombia
32%
4.1m Monterrey, Mexico
31%
4.5m Yangoon, Myanmar
31%
5.4m Nanjing, China
30%
5.1m Pune, India
28%
4.3m Abidjan, Ivory Coast
26%
6.1m Hangzhou, China
26%
4.1m Guatemala City, Guatemala
25%
4.4m Harbin, China
25%
3.7m Recife, Brazil
24%
4.0m Salvador, Brazil
24%
4.6m Surabaya, Indonesia
24%
4.6m Bandung, Indonesia
21%
3.9m Porto Alegre, Brazil
21%
4.6m Surat, India
20%
4.3m Qingdao, China
18%
3.7m Dalian, China
16%
4.3m Zhengzhou, China
14%
3.7m Fuzhou, China
13%
4.1m Suzhou, China
9%
8.2m Dongguan, China
8%
5.7m Quanzhou, China
2%
No matching quizzes found
Score Distribution
Percent of People with Each Score
Percentile by Number Answered
Your Score History
You have not taken this quiz since the last reset